000 00214nam a2200109Ia 4500
100 _a#N/A
942 _cBK
245 _aEmbedded for You VOL 6 NO2 Mar/apr 2012
260 _b#N/A
546 _aENGLISH
999 _c29265
_d29265